| 000 | 07382cam a22020054i 4500 | ||
|---|---|---|---|
| 001 | u48274 | ||
| 003 | PE-LiUPU | ||
| 005 | 20250813165801.0 | ||
| 008 | 150706s2005 mx a r 001 0 spa d | ||
| 020 | _a9702605512 | ||
| 035 | _a(Sirsi) i9789702605515 | ||
| 040 |
_aPE-LiUPU _bspa _cPE-LiUPU _erda |
||
| 049 | _aPRUA | ||
| 082 | 0 | 4 |
_a658.1 _bW42 2011 |
| 082 | 0 | 4 |
_a658.1 _bW42 _221 |
| 100 | 1 |
_aWelsch, Glenn A., _eautor. |
|
| 245 | 0 | 1 |
_aPresupuestos : _bplanificación y control / _cGlenn A. Welsch [y otros tres]. |
| 250 | _aSexta edición. | ||
| 264 | 1 |
_aMéxico : _bPearson Educación, _c2005. |
|
| 300 |
_axx, 474 páginas : _bilustraciones ; _c26 centímetros |
||
| 300 | _eCD-ROM | ||
| 336 |
_atext _2rdacontent |
||
| 337 |
_aunmediated _2rdamedia |
||
| 338 |
_avolume _2rdacarrier |
||
| 504 | _aÍndice : páginas 471-474. | ||
| 505 | 0 | _aEl proceso administrativo -- Los fundamentos de la planificación y el control de utilidades -- El proceso de planificación y control de utilidades -- Aplicación de la planificación y control integral de utilidades -- Aplicación de la planificación y control de utilidades -- Planificación y control de entradas: ventas y servicios -- Planificación y control de la producción: inventarios de producción en proceso y de artículos terminados -- Planificación y control de las compras y de la utilización de materiales: empresas fabricantes y no fabricantes -- Planificación y control de los costos de la mano de obra directa -- Planificación y control de gastos: gastos indirectos de fabricación, costos de calidad del producto y gastos de distribución y de administración.-Presupuestos flexibles de gastos: conceptos, desarrollo y aplicación.-Planificación y control de desembolsos de capital -- Planificación y control de los flujos de efectivo -- Terminación y aplicación del plan de utilidades -- Conceptos normalmente integrados con la planificación y control de utilidades -- Análisis de costo-volumen-utilidad y de contribución -- Evaluación del desempeño y el control administrativo -- Análisis de las variaciones con el presupuesto -- Coordinación de los sistemas de contabilidad con la planificación y control de utilidades -- Perspectivas y panorama general -- Administración estratégica.-Justo a tiempo.-Costeo basado en actividades. ABC.-Estado de flujo en efectivo (método indirecto) -- Relación entre el presupuesto maestro, el presupuesto flexible y las variaciones. | |
| 526 | _aP203 | ||
| 526 | _aP200 | ||
| 526 | _aSEG65 | ||
| 526 | _aSEG64 | ||
| 526 | _aSEG63 | ||
| 526 | _aSEG62 | ||
| 526 | _aSEG61 | ||
| 526 | _aSEG60 | ||
| 526 | _aSEG59 | ||
| 526 | _aSEG58 | ||
| 526 | _aSEG57 | ||
| 526 | _aSEG56 | ||
| 526 | _aSEG55 | ||
| 526 | _aSEG54 | ||
| 526 | _aSEG53 | ||
| 526 | _aSEG52 | ||
| 526 | _aSEG51 | ||
| 526 | _aSEG50 | ||
| 526 | _aSEG49 | ||
| 526 | _aSEG48 | ||
| 526 | _aSEG47 | ||
| 526 | _aSEG46 | ||
| 526 | _aSEG24 | ||
| 526 | _aSEG23 | ||
| 526 | _aSEG22 | ||
| 526 | _aSEG21 | ||
| 526 | _aSEG20 | ||
| 526 | _aSEG19 | ||
| 526 | _aSEG18 | ||
| 526 | _aSEG17 | ||
| 526 | _aSEG16 | ||
| 526 | _aSEG14 | ||
| 526 | _aSEG13 | ||
| 526 | _aSEG12 | ||
| 526 | _aSEG11 | ||
| 526 | _aSEG10 | ||
| 526 | _aSEG09 | ||
| 526 | _aSEG06 | ||
| 526 | _aSEG05 | ||
| 526 | _aSEG04 | ||
| 526 | _aSEG03 | ||
| 526 | _aSEG02 | ||
| 526 | _aSEG68 | ||
| 526 | _aSEG66 | ||
| 526 | _aSEG45 | ||
| 526 | _aSEG25 | ||
| 526 | _aSEG01 | ||
| 526 | _aP163 | ||
| 526 | _aP162 | ||
| 526 | _aP161 | ||
| 526 | _aP160 | ||
| 526 | _aP159 | ||
| 526 | _aP158 | ||
| 526 | _aP157 | ||
| 526 | _aP156 | ||
| 526 | _aP155 | ||
| 526 | _aP154 | ||
| 526 | _aP153 | ||
| 526 | _aP152 | ||
| 526 | _aP151 | ||
| 526 | _aP150 | ||
| 526 | _aP149 | ||
| 526 | _aP142 | ||
| 526 | _aP141 | ||
| 526 | _aP140 | ||
| 526 | _aP139 | ||
| 526 | _aP138 | ||
| 526 | _aP137 | ||
| 526 | _aP132 | ||
| 526 | _aP131 | ||
| 526 | _aP130 | ||
| 526 | _aP126 | ||
| 526 | _aP125 | ||
| 526 | _aP124 | ||
| 526 | _aP123 | ||
| 526 | _aP115 | ||
| 526 | _aP122 | ||
| 526 | _aP121 | ||
| 526 | _aP116 | ||
| 526 | _a P114 | ||
| 526 | _aP112 | ||
| 526 | _aP111 | ||
| 526 | _aP104 | ||
| 526 | _aP103 | ||
| 526 | _aP102 | ||
| 526 | _aP101 | ||
| 526 | _aP100 | ||
| 526 | _aP96 | ||
| 526 | _aP95 | ||
| 526 | _aP93 | ||
| 526 | _aP92 | ||
| 526 | _aP91 | ||
| 526 | _aP88 | ||
| 526 | _aP83 | ||
| 526 | _aP82 | ||
| 526 | _aP79 | ||
| 526 | _aP78 | ||
| 526 | _aP75 | ||
| 526 | _aP74 | ||
| 526 | _aP71 | ||
| 526 | _aP69 | ||
| 526 | _a P51 | ||
| 526 | _aP49 | ||
| 526 | _aP48 | ||
| 526 | _aP47 | ||
| 526 | _aP33 | ||
| 526 | _aP31 | ||
| 526 | _a P30 | ||
| 526 | _aP29 | ||
| 526 | _aP27 | ||
| 526 | _aP26 | ||
| 526 | _aP25 | ||
| 526 | _aP24 | ||
| 526 | _a P22 | ||
| 526 | _aP10 | ||
| 526 | _aP09 | ||
| 526 | _a P08 | ||
| 526 | _aP06 | ||
| 526 | _aP05 | ||
| 526 | _aP04 | ||
| 526 | _aP01 | ||
| 541 | _g045-0002399; | ||
| 541 | _g001-0035697; | ||
| 596 | _a1 2 3 | ||
| 650 | 0 | 4 |
_aFinanzas. _93938 |
| 700 | 1 |
_aLinares Castro, Lourdes, _etraductora. |
|
| 700 | 1 |
_aVázquez Prada Gutiérrez, Julian, _etraductor. |
|
| 910 |
_agl _bjv _cng _d20100301 |
||
| 942 |
_2ddc _cBOOK |
||
| 994 |
_aC0 _bPEPRU |
||
| 949 |
_a336 W43 2005 _wDEWEY _c1 _iFT01139 _lCCODEBUT1 _mBUT _p35.00 _r0 _sY _tBOOK _u2015-12-11 _xFCE _PP04 _0COMPRA _o.STAFF. Colección General |
||
| 949 |
_a336 W43 2005 _wDEWEY _c2 _iFT01660 _lCCODEBUT1 _mBUT _p35.00 _r0 _sY _tBOOK _u2015-12-11 _xFCE _PP04 _0COMPRA _o.STAFF. Colección General |
||
| 949 |
_a658.1 W42 _wDEWEY _c1 _i61241 _d2017-11-2 _e2017-10-30 _f2018-2-12 _g2 _lCCODEBUL1 _mBUL _n3 _p28.00 _q1 _r0 _sY _tBOOK _u2015-7-6 _xFCE _PP08 _0COMPRA _o.STAFF. Colección General |
||
| 949 |
_a658.1 W42 _wDEWEY _c2 _i65302 _d2017-10-29 _e2017-10-24 _f2018-2-12 _g2 _lCCODEBUL1 _mBUL _n5 _p42.00 _r0 _sY _tBOOK _u2015-7-6 _xFCE _PP08 _0COMPRA _o.STAFF. Colección General |
||
| 949 |
_a658.83 L21 2011 _wDEWEY _c1 _iFJ01161 _f2017-12-28 _g1 _lCCODEBUJ1 _mBUJ _p28.00 _r0 _sY _tBOOK _u2016-7-21 _xFCE _PP04 _0COMPRA _o.STAFF. Colección General Juliaca |
||
| 999 |
_a658.1 W42 _wDEWEY _c50508 _i61241 _d50508 _e2019-10-28 _f2021-11-8 _g5 _lCCODEBUL1 _mBUL _n5 _p28.00 _q1 _r0 _sY _tBOOK _u2015-7-6 _xFCE _PP08 _0COMPRA _o.STAFF. Colección General |
||
| 999 |
_a658.1 W42 _wDEWEY _c2 _i65302 _d2018-11-8 _e2018-8-26 _f2021-11-8 _g5 _lCCODEBUL1 _mBUL _n7 _p42.00 _q1 _r0 _sY _tBOOK _u2015-7-6 _xFCE _PP08 _0COMPRA _o.STAFF. Colección General |
||
| 999 |
_a336 W43 2005 _wDEWEY _c1 _iFT01139 _f2019-2-20 _g1 _lCCODEBUT1 _mBUT _p35.00 _r0 _sY _tBOOK _u2015-12-11 _xFCE _PP04 _0COMPRA _o.STAFF. Colección General |
||
| 999 |
_a336 W43 2005 _wDEWEY _c2 _iFT01660 _d2019-10-13 _e2019-10-11 _f2019-2-20 _g1 _lCCODEBUT1 _mBUT _n1 _p35.00 _r0 _sY _tBOOK _u2015-12-11 _xFCE _PP04 _0COMPRA _o.STAFF. Colección General |
||
| 999 |
_a658.83 L21 2011 _wDEWEY _c1 _iFJ01161 _d2019-4-22 _f2022-2-1 _g4 _lCCODEBUJ1 _mBUJ _p28.00 _q3 _r0 _sY _tBOOK _u2016-7-21 _xFCE _PP04 _0COMPRA _o.STAFF. Colección General Juliaca |
||
| 980 |
_81 _gALBERTO SANCHEZ Responsable de Automatización |
||